Plan integral de la enseñanza del dibujo con aplicación a todos los grados de la instrucción nacional / (Record no. 76776)

MARC details
000 -LEADER
campo de control de longitud fija 00782nam a2200205 i 4500
001 - NÚMERO DE CONTROL
campo de control 76776
003 - IDENTIFICADOR DE NÚMERO DE CONTROL
campo de control ES-MaACL
005 - FECHA Y HORA DE LA ÚLTIMA TRANSACCIÓN
campo de control 20251005063054.0
007 - CAMPO FIJO DE DESCRIPCIÓN FÍSICA--INFORMACIÓN GENERAL
campo de control de longitud fija t|
008 - DATOS DE LONGITUD FIJA--INFORMACIÓN GENERAL
campo de control de longitud fija 041005s1903 sp |||| | spa d
100 1# - ENTRADA PRINCIPAL--NOMBRE DE PERSONA
Nombre de persona Guichot y Sierra, Alejandro,
Fechas asociadas al nombre 1859-1941
9 (RLIN) 60652
245 10 - MENCIÓN DEL TÍTULO
Título Plan integral de la enseñanza del dibujo con aplicación a todos los grados de la instrucción nacional /
Mención de responsabilidad, etc. por Alejandro Guichot y Sierra.
260 ## - PUBLICACIÓN, DISTRIBUCIÓN, ETC.
Lugar de publicación, distribución, etc. Sevilla :
Nombre del editor, distribuidor, etc. [s.n.],
Fecha de publicación, distribución, etc. 1903 (
Fabricante Imp. de "El mercantil sevillano")
300 ## - DESCRIPCIÓN FÍSICA
Extensión 38 p. ;
Dimensiones 25 cm.
500 ## - NOTA GENERAL
Nota general En port.: Estudio premiado en el Certamen del Ateneo de Sevilla en mayo de 1903.
650 04 - PUNTO DE ACCESO ADICIONAL DE MATERIA--TÉRMINO DE MATERIA
Término de materia o nombre geográfico como elemento de entrada Dibujo-
Subdivisión general Enseñanza
9 (RLIN) 11861
710 2# - ENTRADA AGREGADA--NOMBRE DE ENTIDAD CORPORATIVA
Nombre de entidad corporativa o nombre de jurisdicción como elemento de entrada Ateneo de Sevilla.
9 (RLIN) 2028
852 ## - LOCALIZACIÓN
Ubicación ES-MaACL
Número de control de estantería T-1069-F-5
Holdings
Estatus retirado Estado de pérdida Estado de daño No para préstamo Colección Biblioteca de origen Biblioteca actual Ubicación en estantería Fecha de adquisición Fuente de adquisición Total de préstamos Signatura topográfica completa Código de barras Visto por última vez Precio de reemplazo Tipo de ítem Koha
        Colección de folletos Biblioteca del Ateneo de Madrid Biblioteca del Ateneo de Madrid Depósito folletos 17/01/2008     T-1069-F-5 1080335 23/02/2023 23/02/2023 Folleto